Levers and ramps / (Record no. 9484)

MARC details
000 -LEADER
fixed length control field 01074nam a22002897a 4500
001 - CONTROL NUMBER
control field 9484
003 - CONTROL NUMBER IDENTIFIER
control field FISKH
005 - DATE AND TIME OF LATEST TRANSACTION
control field 20260114102933.0
008 - FIXED-LENGTH DATA ELEMENTS--GENERAL INFORMATION
fixed length control field 260114b cb ||||| |||| 00| 0 eng d
020 ## - INTERNATIONAL STANDARD BOOK NUMBER
International Standard Book Number 0853409161
040 ## - CATALOGING SOURCE
Original cataloging agency FISKH
Language of cataloging eng
Transcribing agency FISKH
Modifying agency FISKH
050 ## - LIBRARY OF CONGRESS CALL NUMBER
Classification number Q164 C
082 ## - DEWEY DECIMAL CLASSIFICATION NUMBER
Classification number 531.8
100 ## - MAIN ENTRY--PERSONAL NAME
Personal name Catherall, Ed
Relator term Author
245 ## - TITLE STATEMENT
Title Levers and ramps /
Statement of responsibility, etc. Ed Catherall
260 ## - PUBLICATION, DISTRIBUTION, ETC.
Place of publication, distribution, etc. East Sussex :
Name of publisher, distributor, etc. Wayland Publishers Limited ,
Date of publication, distribution, etc. 1982
300 ## - PHYSICAL DESCRIPTION
Extent 32 pages :
Other physical details color illustrations ;
Dimensions 24 cm
505 ## - FORMATTED CONTENTS NOTE
Formatted contents note R<br/>
520 ## - SUMMARY, ETC.
Summary, etc. Levers and ramps are so widely used that it is easy to take them for granted. Such everyday items as scissors, bottle-openers, wheelbarrows and seesaws are all ramps of all sizes and slopes. The experiments in this book will help to create an understanding of levers and ramps, how they work, and how we use them.
521 8# - TARGET AUDIENCE NOTE
Target audience note 700<br/>
Source Lexile estimate<br/>
521 8# - TARGET AUDIENCE NOTE
Target audience note R<br/>
Source Raz-Plus<br/>
650 ## - SUBJECT ADDED ENTRY--TOPICAL TERM
Topical term or geographic name entry element Force
Form subdivision Levers
650 ## - SUBJECT ADDED ENTRY--TOPICAL TERM
Topical term or geographic name entry element Motion
Form subdivision Pulleys
700 ## - ADDED ENTRY--PERSONAL NAME
Personal name Smithers, Chris
Relator term Illustrator
942 ## - ADDED ENTRY ELEMENTS (KOHA)
Source of classification or shelving scheme Dewey Decimal Classification
Koha item type Books
Suppress in OPAC No
Holdings
Withdrawn status Lost status Source of classification or shelving scheme Damaged status Not for loan Collection Home library Current library Shelving location Date acquired Total Checkouts Full call number Barcode Date last seen Copy number Price effective from Koha item type
    Dewey Decimal Classification     Non-Fiction Footprints International School Library Network Toul Tom Poung Campus Footprints International School Library Network Toul Tom Poung Campus TTP Primary Yellow Bookshelves 01/14/2026   CAT 531.8 Q164 C FIS01526 01/14/2026 1 01/14/2026 Books